Loading...

Differential equations: inverse and direct problems /

Bibliografiske detaljer
Hovedforfatter: Favini, Angelo ed
Andre forfattere: Lorenzi, Alfredo ed
Format: Printed Book
Sprog:English
Udgivet: Boca Raton; Chapman &Hall 2006.
Fag:
LEADER 00712nam a22001937a 4500
003 OSt
008 111104t xxu||||| |||| 00| 0 eng d
080 |a 517.9  |b FAV 
100 |a Favini, Angelo ed.  |9 10990 
245 |a Differential equations:  |b inverse and direct problems /  |c Ed. by Angelo Favini and Alfredo Lorenzi 
260 |a Boca Raton;  |b Chapman &Hall  |c 2006. 
653 |a Differential equations 
653 |a Inverse problems (Differential equations) 
653 |a Banach spaces 
700 |a Favini, Angelo ed.  |9 10991 
700 |a Lorenzi, Alfredo ed.  |9 10992 
942 |c BK  |6 _ 
999 |c 222508  |d 222508 
952 |0 0  |1 0  |4 0  |6 5179_FAV  |7 0  |9 287543  |a MAT  |b MAT  |d 2011-11-04  |o 517.9 FAV  |p MAT07134  |r 2011-11-04  |t 1  |w 2011-11-04  |y BK